Effect of different organic mulching on sweet pepper under plastic house condition in royal university of agriculture ឥទ្ទិពលគំរបសរីរាង្គផ្សេងៗគ្នាលើការដាំដុះដំណាំម្ទេសហាវ៉ៃ ក្នុងលក្ខខណ្ឌផ្ទះប្លាស្ទិច នៅសាកលវិទ្យាល័យភូមិន្ទកសិកម្ម (Record no. 1349)

000 -LEADER
fixed length control field 00804nam a22001337a 4500
040 ## - CATALOGING SOURCE
Transcribing agency RUA
082 ## - DEWEY DECIMAL CLASSIFICATION NUMBER
Classification number AGR SOK 2011 B050 Or.1
100 ## - MAIN ENTRY--AUTHOR NAME
Personal name SOK, RATANAK
245 ## - TITLE STATEMENT
Title Effect of different organic mulching on sweet pepper under plastic house condition in royal university of agriculture ឥទ្ទិពលគំរបសរីរាង្គផ្សេងៗគ្នាលើការដាំដុះដំណាំម្ទេសហាវ៉ៃ ក្នុងលក្ខខណ្ឌផ្ទះប្លាស្ទិច នៅសាកលវិទ្យាល័យភូមិន្ទកសិកម្ម
260 ## - PUBLICATION, DISTRIBUTION, ETC. (IMPRINT)
Place of publication Phnom Penh
Name of publisher RUA
Year of publication 2011
300 ## - PHYSICAL DESCRIPTION
Number of Pages xii, 60p.
Other physical details ill.
Dimensions 29cm.
856 ## - ELECTRONIC LOCATION AND ACCESS
Uniform Resource Identifier https://drive.google.com/file/d/1UnxDfEXkcCXMrTYwz2SAW6Wb8p10n4pv/view?usp=sharing
942 ## - ADDED ENTRY ELEMENTS (KOHA)
Koha item type AGR
952 ## - LOCATION AND ITEM INFORMATION (KOHA)
Withdrawn status [LOCAL, KOHA] 0
952 ## - LOCATION AND ITEM INFORMATION (KOHA)
Withdrawn status [LOCAL, KOHA] 0
952 ## - LOCATION AND ITEM INFORMATION (KOHA)
Withdrawn status [LOCAL, KOHA] 0
952 ## - LOCATION AND ITEM INFORMATION (KOHA)
Withdrawn status [LOCAL, KOHA] 0
Holdings
Permanent Location Date acquired Koha item type Lost status Shelving location Barcode Current Location Full call number
Library Block B2015-09-27AGR B050RUA006110Library Block BAGR SOK 2011 B050 Or.1
Library Block B2015-09-27AGR B050RUA006330Library Block BAGR SOK 2011 B050 Or.2
Library Block B2016-05-17AGR  RUA050968Library Block BAGR SOK 2011 B050 Or.1
Library Block C2016-12-13AGR  A04623Library Block CAGR SOK 2011 B050 Or.3
មជ្ឈមណ្ឌលឯការនៃសាកលវិទ្យាល័យភូមិន្ទកសិកម្មចំការដូង

Powered by Koha